LEADER 01190nas 2200385 a 450 001 996218112503316 005 20231101153029.0 011 $a1872-745X 035 $a(OCoLC)39127308 035 $a(CKB)954925482635 035 $a(CONSER) 2005233430 035 $a(DE-599)ZDB1499753-8 035 $a(EXLCZ)99954925482635 100 $a19980515a19819999 sy a 101 0 $aeng 135 $aurmnu||||| 200 10$aPerformance evaluation$b[e-journal] 210 $aAmsterdam $cNorth-Holland$d1981- 300 $aTitle from contents screen (ScienceDirect, viewed Nov. 18, 2005). 300 $aRefereed/Peer-reviewed 311 $a0166-5316 531 $aPERFORM EVAL 531 $aPERFORM EVALUATION 531 $aPERF EVAL 531 0 $aPerform. eval. 531 $aPERFORM. EVAL 606 $aElectronic digital computers$xEvaluation$vPeriodicals 606 $aElectronic data processing$xEvaluation$vPeriodicals 608 $aPeriodicals. 615 0$aElectronic digital computers$xEvaluation 615 0$aElectronic data processing$xEvaluation 906 $aJOURNAL 912 $a996218112503316 996 $aPerformance evaluation$9103116 997 $aUNISA